000
00339pab a2200145 454500
008
180718b1985 xxu||||| |||| 00| 0 eng d
100
_a
Pola, Kumaran
245
_a
No hope for railway commuter
260
_c
1985
300
_a
580-9
362
_a
30 Mar.
650
_a
Railways - Budgets - India
773
_a
Commerce
909
_a
17020
999
_c
17020
_d
17020